000
00298nam a2200109Ia 4500
008
210430s9999 xx 000 0 und d
082
_a
355.33041 N53211W
100
_a
Maj. Gen. Aubrey USA
_9
54653
245
_a
What Are Generals Made of ?
_c
Maj. Gen. Aubrey USA
300
_a
314
942
_c
BK
_2
ddc
999
_c
565293
_d
565293